| 000 | 00505nam a22001937a 4500 | ||
|---|---|---|---|
| 003 | CEME | ||
| 005 | 20210628202612.0 | ||
| 008 | 210122b xxu||||| |||| 00| 0 eng d | ||
| 020 | _a0-534-38637-7 | ||
| 040 | _c. | ||
| 082 | _a510 EWE | ||
| 100 |
_aEwen, Dale Nelson, C. Robert _960685 |
||
| 245 | _aElementary technical mathematics | ||
| 250 | _a8TH | ||
| 260 |
_aCANADA _bTHOMSON LEARNING _c2003 |
||
| 300 | _aXVIII,515 P | ||
| 650 |
_aMATHEMATICS.TECHNICAL MATHEMATICS _960686 |
||
| 942 |
_cBK _2ddc |
||
| 999 |
_c570358 _d570358 |
||